000 00990nam a2200277Ia 4500
999 _c31205
_d31205
003 PACU
005 20210917122553.0
008 130521s9999 xx 000 0 und d
020 _a9966777830
040 _aPACU
_bEng
_cPACU
050 _aHD 8039 .K4
_b.M355 2020
100 _aKippra
_92852
245 _aAssessing the Cotton, Textile, and Apparel Sector Employment Potential in Kenya
_cWario Malicha and Lawrence Njoroge
260 _aKenya :
_bKIPPRA,
_c2020.
300 _aviii, 43p.
_bColour Illustrations.
_c25cm.
440 _aKIPPRA Discussion Paper
_nNo. 229
504 _aIncludes Bibliographic Information, (41-43p)
650 _aTextile Industry
_zKenya
650 _aCotton Textile Industry
_zKenya
650 _aClothing Trade
_zKenya
650 _aApparel Industry
_zKenya
650 _aJob Creation
650 _aEmployability, Employment Potential
650 _aLabour
_xTextile Industry
_zKenya
942 _2lcc
_cSPEC
_hHD 8039 .K4
_i .M355 2020